000 01583nam a2200289 i 4500
003 DO-SdBNP
005 20250709103937.0
007 ta
008 250709b2024 dr a|||| |||| 00| 0 spa d
020 _a9789945649208
040 _aDO-SdBNP
_bspa
_cBNPHU
_erda
082 _axxx
_bM516
_222
100 1 _aMejía Matos, Miriam Mirella
_d1960-
_eautora
_4aut.
_988291
245 1 0 _aMujerario en Mamey /
_cMiriam Mirella Mejía Matos
250 _aPrimera edición
264 1 _aSanto Domingo :
_bPrintbarato,
_c2024.
300 _a105 páginas ;
_bilustraciones
_c21 cm.
336 _atexto
_btxt
_2rdacontent
337 _asin mediación
_bn
_2rdamedia
338 _avolumen
_bnc
_2rdacarrier
500 _aIncluye datos biografícos de la autora en la contraportada.
505 0 _tIntroducción --
_tLa matriarca --
_tEllas, así como son, son las mía --
_tLa prima más mía que ninguna --
_tLas muchachonas del pedazo --
_tLa carajitada de la cuadra grande --
_tDel grupito del bochinche del bachillerato --
_tMis queridas uasdianas --
_tMis otras ellas --
_tUn grupito sin ton pero con son --
_tLa nuera, la nieta y la abumimi --
520 _aVolver a episodios de la niñez y juventud es para un ser humano un privilegio, poder contar historias de su gente es un honor. En este libro se cuenta con respeto historias de niñas, muchachas y mujeres que han colmado la vida de la autora de recuerdos hermosos y edificantes. Ella cuenta esas historias como las percibió no como las actrices las vivieron.
590 _aInventariado, 2025/ YL
910 _aYLockward
942 _2ddc
_cLBS1
999 _c58952
_d58952